Labor and imperial democracy in prewar Japan

Αποθηκεύτηκε σε:
Λεπτομέρειες βιβλιογραφικής εγγραφής
Κύριος συγγραφέας: Gordon, Andrew 1952-
Μορφή: Βιβλίο
Γλώσσα:English
Δημοσίευση: Berkeley : University of California Press, c1992
Θέματα:
Ετικέτες: Προσθήκη ετικέτας
Δεν υπάρχουν, Καταχωρήστε ετικέτα πρώτοι!

MARC

LEADER 00000nam a2200000 i 4500
001 1/26124
008 981214s1992 eng d
020 |a 0-520-08091-2 
035 |l 10037505 
040 |a GR-MY-UA  |b gre  |e aacr 
041 0 |a eng 
082 0 |a 322.2095209041 
100 1 |a Gordon, Andrew  |d 1952- 
245 1 0 |a Labor and imperial democracy in prewar Japan /  |c Andrew Gordon 
260 |a Berkeley :   |b University of California Press,   |c c1992 
300 |a 364 p.  |b tabl.; fig. 
504 |a Includes bibliographical references and index 
650 0 0 |a Working class  |z Japan  |x Political activity  |x History  |y 20th century. 
650 0 0 |a Labor disputes  |z Japan  |x History  |y 20th century. 
650 0 0 |a Labor movement  |z Japan  |x History  |y 20th century. 
650 0 0 |a Riots  |z Japan  |x History  |y 20th century. 
650 0 0 |a Political participation  |z Japan  |x History  |y 20th century. 
651 0 |a Japan  |x Politics and government  |y 20th century. 
852 |a INST  |b LESVOS  |e 19981214  |h 322.2095209041 GOR  |p 005100017297  |q 005100017297  |t BK  |y 0 
901 |a BIBL-1999-1 
909 |a Λ  |b 060982 
922 |a 1ΕΛΗ  |b 199811  |c ΚΠΣ/ΤΚ  |d ΠΑΠΑΣΩΤΗΡΙΟΥ 
950 |a 103-1998-07-27